[Event "Reykjavik op"]
[Site "Reykjavik"]
[Date "2024.03.20"]
[Round "8"]
[White "Cansdale, Zach"]
[Black "Birkisson, Bjorn Holm"]
[Result "1/2-1/2"]
[WhiteElo "1951"]
[BlackElo "2140"]
[PlyCount "120"]
[EventDate "2024.03.15"]
[EventType "swiss"]
[EventRounds "9"]
[EventCountry "ISL"]
[SourceTitle "CB13_2024"]
[SourceDate "2024.03.27"]
[SourceVersion "1"]
[SourceVersionDate "2024.03.27"]
[SourceQuality "1"]

1. e4 c5 2. Nc3 Nc6 3. Bb5 Nd4 4. Bc4 e6 5. Nge2 Nf6 6. 0-0 a6 7. a4 d5 8. exd5 exd5 9. Ba2 Nxe2+ 10. Qxe2+ Be7 11. Re1 Be6 12. d3 0-0 13. Bg5 b5 14. axb5 axb5 15. Nxb5 Qb8 16. Bxf6 Bxf6 17. c4 Bd7 18. Bb3 Rxa1 19. Rxa1 Re8 20. Qf3 dxc4 21. dxc4 Bxb2 22. Rb1 Qe5 23. h3 Bf5 24. Nd6 Bxb1 25. Qxf7+ Kh8 26. Nxe8 h6 27. Nc7 Qe1+ 28. Kh2 Be5+ 29. f4 Bd4 30. Qe8+ Qxe8 31. Nxe8 g5 32. g3 Be3 33. fxg5 hxg5 34. Nc7 Be4 35. Nb5 Kh7 36. Nc3 Bd3 37. Nd5 Bd4 38. Nb6 Kg6 39. Bd1 Kf5 40. Bf3 Bf6 41. Kg2 Bd8 42. Nd5 Ke5 43. Ne3 Kd4 44. Kf2 Ba5 45. Bd5 Bd2 46. Nf1 Bc1 47. h4 gxh4 48. gxh4 Bxc4 49. Bxc4 Kxc4 50. Ne3+ Kd4 51. Nd1 Kd3 52. Ke1 Bf4 53. Nf2+ Kc2 54. Ke2 c4 55. h5 Kb1 56. Ne4 Kc2 57. h6 Bxh6 58. Nd6 c3 59. Ne4 Kb2 60. Nxc3 Kxc3 1/2-1/2

[Event "Reykjavik op"]
[Site "Reykjavik"]
[Date "2024.03.16"]
[Round "3"]
[White "Markuszewski, Maksymilian"]
[Black "Cansdale, Zach"]
[Result "1/2-1/2"]
[WhiteElo "2141"]
[BlackElo "1951"]
[PlyCount "114"]
[EventDate "2024.03.15"]
[EventType "swiss"]
[EventRounds "9"]
[EventCountry "ISL"]
[SourceTitle "CB13_2024"]
[SourceDate "2024.03.27"]
[SourceVersion "1"]
[SourceVersionDate "2024.03.27"]
[SourceQuality "1"]

1. d4 d5 2. c4 c6 3. Nc3 Nf6 4. e3 e6 5. Nf3 Nbd7 6. Be2 Bd6 7. 0-0 0-0 8. b3 b6 9. Bb2 Bb7 10. Bd3 Re8 11. Re1 Rc8 12. Rc1 e5 13. dxe5 Nxe5 14. cxd5 cxd5 15. Be2 Nxf3+ 16. Bxf3 Be5 17. Na4 Bxb2 18. Nxb2 Ne4 19. Rxc8 Qxc8 20. Nd3 Qc3 21. Nf4 Rc8 22. g3 Qc2 23. Qe2 g6 24. Rd1 Qxe2 25. Nxe2 Rc2 26. a4 Nc5 27. Nd4 Rc3 28. Rb1 a6 29. Kf1 Kf8 30. Ke2 Ne4 31. Rb2 Ke7 32. Rc2 Rxc2+ 33. Nxc2 Kd6 34. Bg4 Nc3+ 35. Kd3 Ne4 36. Ke2 Nc3+ 37. Ke1 Ke5 38. f3 a5 39. Kd2 Na2 40. Bh3 Ba6 41. f4+ Kd6 42. Bg2 Kc5 43. Bf3 Bc8 44. g4 f6 45. Bd1 Nb4 46. Nd4 Nc6 47. Nxc6 Kxc6 48. h4 h6 49. g5 fxg5 50. fxg5 hxg5 51. hxg5 Bf5 52. Kc3 Kd6 53. Kd4 Be4 54. Bg4 Bc2 55. Kc3 Be4 56. Kd4 Bc2 57. Kc3 Be4 1/2-1/2